=LDR 00000nam 2200000 4500 =001 INLIS000000000003647 =005 20250321103412 =035 ##$$a 0010-0325000363 =007 ta =008 250321################g##########e#ind## =082 ##$$a 363.96 =084 ##$$a 363.96 SUG m =100 #$$a Sugiyanto =245 1#$$a Modul 9 Mekanisme operasional lini lapangan /$c BKKBN =260 ##$$a Jakarta :$b BKKBN,$c 2014 =300 ##$$a II, 33 halm : $b - ; $c 29 cm =650 #4$$a Keluarga Berencana =700 #$$a Achmad Sopian =520 ##$$a Berisikan penjelasan tentang mekanisme operasional lini lapangan =856 ##$$a Perpustakaan UPT Balai Diklat KKB Jember